<?xml version="1.0" encoding="UTF-8"?>
<marc:record xmlns:marc="http://www.loc.gov/MARC21/slim">
   <marc:leader>00000nam a2200000 a 4500</marc:leader>
   <marc:datafield ind1="1" ind2=" " tag="100">
      <marc:subfield code="a">Avery, Annaliese</marc:subfield>
      <marc:subfield code="4">aut</marc:subfield>
      <marc:subfield code="e">Verfasser/-in</marc:subfield>
   </marc:datafield>
   <marc:datafield ind1="0" ind2="0" tag="245">
      <marc:subfield code="a">Die Spiele der Unsterblichen</marc:subfield>
   </marc:datafield>
   <marc:datafield ind1="0" ind2="0" tag="245">
      <marc:subfield code="c">Avery, Annaliese</marc:subfield>
   </marc:datafield>
   <marc:datafield ind1=" " ind2="1" tag="264">
      <marc:subfield code="a">Bindlach</marc:subfield>
      <marc:subfield code="b">Loewe</marc:subfield>
      <marc:subfield code="c">2025</marc:subfield>
   </marc:datafield>
   <marc:datafield ind1=" " ind2=" " tag="250">
      <marc:subfield code="a">1. Auflage</marc:subfield>
   </marc:datafield>
   <marc:datafield ind1="1" ind2=" " tag="520">
      <marc:subfield code="a">Lasst die Spiele beginnen! &#xD;
Seit die 16-jährige Ara ihre Schwester durch die Spiele der Unsterblichen verloren hat, sinnt sie auf Rache. Mit dem aufgehenden Blutmond stehen nun die nächsten Spiele kurz bevor – ein Kampf ums Überleben für die ausgewählten Menschen, reines Vergnügen für die Götter des Olymps. Ara hofft, für Zeus antreten zu dürfen, doch das Schicksal hat seine eigenen Pläne. Sie wird von Hades erwählt, der ganz anders ist als erwartet. Unzählige gefährliche Prüfungen warten nun auf Ara, während der Gott der Unterwelt sie immer stärker in seinen Bann zieht … &#xD;
    &#xD;
Griechische Mythologie trifft auf Slow-Burn-Romance in diesem fesselnden Fantasy-Stand-Alone &#xD;
    &#xD;
Die Tribute von Panem trifft auf Percy Jackson  Mitreißende Jugendfantasy rund um griechische Götter, tödliche Spiele und eine starke Protagonistin, die nach Rache sinnt</marc:subfield>
   </marc:datafield>
   <marc:datafield ind1=" " ind2=" " tag="020">
      <marc:subfield code="a">9783743213272</marc:subfield>
      <marc:subfield code="9">9783743213272</marc:subfield>
   </marc:datafield>
   <marc:datafield ind1=" " ind2=" " tag="020">
      <marc:subfield code="a">3743213273</marc:subfield>
      <marc:subfield code="9">3743213273</marc:subfield>
   </marc:datafield>
   <marc:datafield ind1=" " ind2=" " tag="041">
      <marc:subfield code="a">ger</marc:subfield>
   </marc:datafield>
   <marc:datafield ind1="1" ind2=" " tag="521">
      <marc:subfield code="a">Jugend</marc:subfield>
   </marc:datafield>
   <marc:datafield ind1=" " ind2=" " tag="338">
      <marc:subfield code="a">Band</marc:subfield>
   </marc:datafield>
   <marc:datafield ind1=" " ind2=" " tag="300">
      <marc:subfield code="a">372 Seiten</marc:subfield>
   </marc:datafield>
</marc:record>
